000 00633nam a2200193 ar4500
001 864
005 20221127090034.0
008 080615s xxu 00010|eng d
020 _a0140269444
082 0 4 _a863.64
_bG165 1997
100 1 _aGarcia-Marquez, Gabriel,
_d2014.
245 1 0 _aNews of a kidnapping /
_cG. Garcia Marquez; translated for Spanish by E. Grossman.
260 _aNew York ;
_aLondon :
_bPenguin,
_c1997.
300 _a291 p. ;
_c20 cm.
650 4 _aSpanish fiction
_xTranslations into English.
650 4 _aSpanish fiction
_y20th century.
650 4 _aKidnapping
_vFiction.
700 0 _aGrossman, Edith,
_etranslator.
999 _c864
_d864